Some of the common and uncommon birds of Alberta, Saskatchewan and Manitoba and where to find them /

Bibliographic Details
Main Author: Hancock, David
Other Authors: Woodford, James, 1930-
Format: Book
Language:English
Published: Surrey, B.C. : Hancock House, [1989]
Series:Birds of North America series.
Subjects:

MARC

Tag First Indicator Second Indicator Subfields
LEADER 00000cam a2200000 a 4500
001 in00000974913
005 20150927112834.0
008 890308s1989 bcca 00010 eng c
010 |a cn 89091218  
015 |a C89-91218-1 
020 |a 0888392222 :  |c $5.95 
035 |a (OCoLC)19512720 
035 |9 AEW5144AM 
040 |a CaBVAU  |b eng  |c NLC  |d UtOrBLW 
043 |a n-cnp-- 
049 |a TXAM 
055 0 |a QL685  |b H352 1989 
055 2 |a QL685.5* 
082 0 |a 598.29712  |2 19 
090 |a QL685.5.A5  |b H36 1989 
100 1 |a Hancock, David. 
245 1 0 |a Some of the common and uncommon birds of Alberta, Saskatchewan and Manitoba and where to find them /  |c David A. Hancock and James Woodford. 
264 1 |a Surrey, B.C. :  |b Hancock House,  |c [1989] 
264 4 |c ©1989 
300 |a 68 pages :  |b illustrations (some color) ;  |c 22 cm. 
336 |a text  |b txt  |2 rdacontent 
337 |a unmediated  |b n  |2 rdamedia 
338 |a volume  |b nc  |2 rdacarrier 
490 1 |a Birds of North America series 
500 |a Spine title: Birds of Alberta, Saskatchewan, and Manitoba. 
650 0 |a Birds  |z Prairie Provinces. 
650 0 |a Bird watching  |z Prairie Provinces. 
650 6 |a Oiseaux  |z Provinces des Prairies. 
650 6 |a Oiseaux  |x Observation  |z Provinces des Prairies. 
700 1 |a Woodford, James,  |d 1930- 
740 0 |a Birds of Alberta, Saskatchewan, and Manitoba. 
830 0 |a Birds of North America series. 
999 |a MARS 
999 f f |s 59519c7c-d5f2-317a-be43-1d38a5603a96  |i e62ee06c-a2a3-3adb-9ca8-5d8554441e1d  |t 0 
952 f f |p ric  |a Texas A&M University  |b Rellis Campus  |c Joint Library Facility  |d Remote Storage  |t 0  |e QL685.5.A5 H36 1989  |h Library of Congress classification  |i unmediated -- volume  |m A14815279996 
998 f f |a QL685.5.A5 H36 1989  |t 0  |l Remote Storage